| 000 | 009860000a22002050004500 | ||
|---|---|---|---|
| 020 | _a90-6311001-4 : Donación | ||
| 082 | 0 | 4 | _aG 238.5 J351d |
| 100 | 1 | _aJanse, Jan C. | |
| 245 | 1 | 0 | _aLa confesión de la iglesia : comentario al catecismo de Heidelberg / J. C. Janse |
| 250 | _a3 | ||
| 260 | _aRijswijk , Países Bajos : Fundación Editorial de Literatura Reformada | ||
| 300 | _a198 p. | ||
| 505 | 0 | 0 | _aCatecismo o enseñanza de la doctrina cristiana - De la miseria del hombre - De la redención del hombre - De Dios Hijo y de nuestra redención - De Dios Espíritu Santo y de nuestra santificación - De la justificación - De los sacramentos - Del santo bautismo - De la Santa Cena de nuestro Señor - De la gratitud a Dios por la salvación - De la oración |
| 650 | 1 | 4 | _aCATECISMOS \ CREDOS \ IGLESIA - ENSEÑANZA BIBLICA |
| 001 | 13679 | ||
| 942 | _cBK | ||
| 999 |
_c42634 _d42634 |
||
| 336 |
_atexto _btxt _2rdacontent |
||
| 337 |
_2rdamedia _asin mediación _bn |
||
| 338 |
_2rdacarrier _avolumen _bnc |
||